000
00218 a2200097 4500
001
7704
100
_a
Jackson, W
245
_a
High frequency transmmission lines
260
_a
_b
Academic Press
_c
090
_c
6165
_d
6165
942
_a
NUST-CAE
_c
M
_c
32673
999
_c
242777
_d
242777